000 00340pab a2200145 454500
008 180718b1988 xxu||||| |||| 00| 0 eng d
100 _aPonnuswamy, S.
245 _aFinancing rail
_bBased mass transit
260 _c1988
300 _a92-9
362 _aJuly-Dec.
650 _aRailways - India
773 _aUrban India
909 _a17669
999 _c17669
_d17669